00262nam a2200121Ia 4500100001600000650002700016654001500043245002500058260002600083082001100109300000800120546001200128 aHolm/ W.A.  aElectrical Engineering atelevision aHow television works bPhilipsaBombayc1976 a621.38 a351 aENGLISH